000 00378nam a22001457a 4500
020 _a9789673498161
040 _cNUST
082 _a006.3
_bRUS
100 _aRussell, Stuart J & Norvig Peter
_958905
245 _aArtificial Intelligence :
_ba modren approach
250 _a3rd Ed
260 _aMalaysia,
_bPearson.
_c2020.
300 _axvii, 1145P.
_c30cm.
942 _2ddc
_cBK
999 _c590073
_d590073